000 00905nam a2200217 a 4500
001 22208
003 CO-ViMGA
008 141112s2004 ck r 000 u spa d
020 _a9789681863081
040 _aCO-ViMGA
_bspa
_cCO-ViMGA
082 0 4 _a664 B718m
100 1 _aBravo Martinez, Francisco
_931652
245 1 0 _aEl manejo higienico de los alimentos :
_bGuía para la obtención del Distintivo
260 _aMexico :
_bLimusa,
_c2007
300 _a116p
505 _aIntroducción : Enfermedades Transmitidas por alimentos 13 - - Norma oficial mexicana NOM 093 81 - - Interpretación de análisis microbiológicos 95 - - Toma de muestras testigo 103
590 _aForma de adquisición : Compra - - Precio : 28.500 - - Proveedor : Bernalibros - - Fecha de adquisición : Octubre 2007
650 1 4 _aALIMENTOS - MANEJO
_931653
650 1 4 _aCONSERVACIÓN DE ALIMENTOS
_922077
942 _2ddc
_cBK
999 _c30633
_d30633